000 01167nam a2200313 a 4500
001 000115465
003 CHAP
005 20220329144535.0
008 190524s2018 mx a |sm |||||||spa d
010 _a111926
011 _a112898
040 _cCHAP
090 _aTesis
100 1 _aPadilla López, Alicia Mariela.
_9135739
245 1 0 _aEngorda intensiva de bovinos productores de carne expuestos a restricción alimenticia y crecimiento compensatorio
_h[En línea]
_cpor Alicia Mariela Padilla López.
260 _aChapingo, Méx. :
_bEl autor,
_c2018.
500 _aPara ver el contenido del material haga clic en la liga
502 _aTesis (Ing. Agr. Esp. en Zootecnia) -- UACH. Departamento de Zootecnia
590 _aBATCH-UPD
_b05
_c20190524
_lUCH01
_h1434
590 _aE6337LMJ
_b05
_c20190524
_lUCH01
_h1434
590 _aE6337LMJ
_b05
_c20190524
_lUCH01
_h1434
650 1 4 _aGanado vacuno
_xAlimentación.
_945429
650 1 4 _aGanado vacuno
_xCrecimiento.
_945450
650 1 4 _aGanado vacuno
_xRendimiento.
_9126473
856 _aFinding aid
_uhttp://10.13.5.2/tesis/sist115465.pdf
_zTeclea aquí
901 _aBK
942 _cTESIS
942 _n0
999 _c111926
_d111926